000 00856nam a2200205 u 4500
001 000628217
003 AM-YeHGA
005 20250617140332.0
008 090130s1975 ai | |||||||||||||rus|d
040 _aAM-YeHGA
041 0 _arus
100 1 _aЖуков, Юрий Васильевич
245 1 0 _aПроблемы организации и рационального использования горных территорий Киргизии /
_cЮ.В. Жуков.
250 _a2-е изд., испр. и доп.
260 _aФрунзе :
_bКыргызстан,
_c1975.
300 _a204 с. :
_bтабл., рис. ;
_c21 см.
504 _aБиблиогр. в подстроч. примеч.
650 1 4 _aОборудование сельскохозяйственного производства в целом
090 _c219669
999 _c218141
_d218141